IPA Deutsch 1 - Statistics

General Stats
  • This quiz has been taken 70 times
  • The average score is 10 of 11
Answer Stats
Hint Extra Hint Explanation Answer % Correct
[d] stimmhafter alveolarer Plosiv "Dach" d
94%
[f] stimmloser labiodentaler Frikativ "Fluss", "Feige" f
94%
[p] stimmloser bilabialer Plosiv "Papa", "Panda" p
94%
[s] stimmloser alveolarer Frikativ "Spaß" s
94%
[t] stimmloser alveolarer Plosiv "Tisch", "Tier" t
94%
[ɡ] stimmhafter velarer Plosiv "Garten", "gut" g
91%
[k] stimmloser velarer Plosiv "Katze", "Kind" k
91%
[b] stimmhafter bilabialer Plosiv "Brot", "Baby" b
89%
[v] stimmhafter labiodentaler Frikativ "Vase", "Vogel" v
86%
[ʔ] glottaler Plosiv "beachten“ [bəˈʔaxtn̩], "Apfel“ [ˈʔapfəl] uh-oh
83%
[z] stimmhafter alveolarer Frikativ "Zahn" ts
77%
No matching quizzes found
Score Distribution
Percent of People with Each Score
Percentile by Number Answered
Your Score History
You have not taken this quiz